000 00427nam a2200145Ia 4500
003 OSt
005 20260130102010.0
008 211028s2018 xx 000 0 und d
040 _cAIMIT LIBRARY
041 _aeng
100 _aRajesh P; Pereira, Divya.
_g1616155
_97908
245 _aStudy on impact of product expansion: with special reference to (KMF) Mysore /
260 _aMangalore
_bVasantha G.
_c2018
942 _2ddc
_cPRO
999 _c219476
_d219476